Sports Quiz

Random Sports or Numbers Quiz

Tennessee Vols Men's Basketball 09-10 Quiz Stats

 Plays Quiz not verified by Sporcle

Challenge
Share
Tweet
Embed
Score 0/14 Timer 04:00
0 Plays Today
number and year % Correct
#4 SrWayne Chism
87.9%
#32 SoScotty Hopson
81.4%
#0 SoRenaldo Woolridge
72.9%
#30 SrJ.P. Prince
72.9%
#3 SrBobby Maze
71.7%
#23 SoCameron Tatum
68.9%
#13 FrSkylar McBee
68.2%
number and year % Correct
#22 JrSteven Pearl
64.7%
#20 FrKenny Hall
55.7%
#21 JrMelvin Goins
54.5%
#24 JrJosh Bone
45.7%
#5 SoEmmanuel Negedu
28.5%
#11 SrQuinn Cannington
25.1%
#10 JrMichael Hubert
23%

You're not logged in!

Compare scores with friends on all Sporcle quizzes.
Join for Free
OR
Log In

You Might Also Like...

Show Comments

Extras

Top Quizzes Today


Score Distribution

Your Account Isn't Verified!

In order to create a playlist on Sporcle, you need to verify the email address you used during registration. Go to your Sporcle Settings to finish the process.

Report this User

Report this user for behavior that violates our Community Guidelines.

Details: